00430nam a2200157Ia 4500003000400000005001700004008004100021040001800062041000800080082001700088100004800105110001800153245005400171260002000225710002700245OSt20260303103402.0211028s2003 xx 000 0 und d cAIMIT LIBRARY aeng a006.671 REGJ aRego, Jeevan Alexander;D Souza, Rio.g92165 aD Souza, Rio. aImplementation of velociQ java coding standards / aBangalorec2003 aWipro Technologies Ltd